000 00686nam a22002057a 4500
003 OSt
005 20250819091338.0
008 250819b |||||||| |||| 00| 0 eng d
020 _a978-981-3156-94-4
040 _aDWC-Main Lib
_cOC
082 _aCirc. 332.1 S257f 2019
100 _aSaunders, Anthony
245 _aFinancial markets and institutions/
_cAnthony Saunders & Marcia Millon Cornett
250 _aSeventh edition
260 _aNew York :
_bMcGraw-Hill Education,
_cc2019.
300 _axii, 726 pages :
_billustrations ;
_c28cm.
504 _aIncludes bibliography and index.
650 _a1. Financial institution.
942 _2ddc
_cBK-CIRC
_eSeventh edition
_kCirc.
_n0
999 _c4092
_d4092